All NFL Superbowl Host Cities - Statistics

General Stats
  • This quiz has been taken 112 times
    96 since last reset
  • The average score is 13 of 16
Answer Stats
No.
Hosted
City % Correct
8(9) Los Angeles
99%
11 Miami
94%
11 New Orleans
91%
1 New York
91%
1 Dallas-Fort Worth
89%
5 Tampa
89%
3 Houston
88%
2(3) San Francisco
85%
3(4) Atlanta
84%
4 Phoenix
84%
1 Las Vegas
76%
2 Minneapolis
76%
3 San Diego
68%
2 Detroit
64%
1 Jacksonville
63%
1 Indianapolis
60%
No matching quizzes found
Score Distribution
Percent of People with Each Score
Percentile by Number Answered
Your Score History
You have not taken this quiz since the last reset